| 000 | 00640nam a2200217 i 4500 | ||
|---|---|---|---|
| 001 | bg | ||
| 100 | 1 | _aSALAMAK, Marek. | |
| 245 | 1 | 0 |
_aAutoCAD BeStCAD : _bbudowlane konstrukcje betonowe i stalowe / _cMarek Salamak, Adam Silarski. |
| 260 |
_aGliwice : _b"Helion", _c2001. |
||
| 300 |
_a346 s. : _brys. ; _c24 cm. |
||
| 650 | 9 | _aAutoCAD | |
| 655 | _aPodręczniki | ||
| 020 | _a8371974507 | ||
| 040 | _cBPK | ||
| 041 | 0 | _apl | |
| 080 | _a004.42:004.4'232+004.92](07) | ||
| 920 | _a83-7197-450-7 | ||
| 942 | _cKS | ||
| 008 | s pl f |000 0 pol | ||
| 999 |
_c39812 _d39812 |
||